000 00737nam a2200229 i 4500
001 C2-0316569
003 PPAK
005 20180728112625.0
008 120730s2008 my a|||| ||||| | may d
040 _aPPAK
_beng
_cPPAK
_erda
082 0 4 _a367.92
_223
090 0 0 _a367.92
_bJUB
_dKK
245 0 0 _aJubli Perak 1983 - 2008:
_bsempena Mesyuarat Agung LKPIM Cawangan Bandar kali ke - 25
264 1 _aKedah :
_bLembaga Kebajikan Perempuan Islam Malaysia (Cawangan Bandar) ,
_c2008
300 _a31 pages :
_bcolour illustrations ;
_c29 cm
336 _2rdacontent
_atext
337 _2rdamedia
_aunmediated
338 _2rdacarrier
_avolume
500 _aBuku Cenderamata
650 1 0 _aWomen - Societies and clubs
942 _ddc
_cB
999 _c117696
_d117696